Tajomný svet energie

Saved in:
Bibliographic Details
Main Authors: Janíček, František, 1954- (Author), Stuchlíková, Ľubica, 1967- (Author), Farkas Smitková, Miroslava, 1977- (Author), Holjenčík, Jozef, 1965- (Author), Cerman, Anton, 1988- (Author), Zuščak, Jozef, 1988- (Author), Halán, Igor, 1989- (Author)
Other Authors: Gaduš, Ján (Reviewer), Hrbáček, Jiří (Reviewer)
Format: Book
Language:Slovak
Published: Bratislava : Nakladateľstvo STU, 2014
Edition:1.vyd.
Tags: Add Tag
No Tags, Be the first to tag this record!

MARC

LEADER 00000nam a22000003a 4500
001 0002665
003 SK-STU
005 20220317192157.5
007 ta
008 150210s ----xo-----e------000-0-----d
020 |a 978-80-227-4281-8 
040 |a STU  |b slo 
041 0 |a slo 
100 1 |a Janíček, František,  |d 1954-  |u E020  |r Z1  |4 aut  |9 15  |U FEI Fakulta elektrotechniky a informatiky  |T FEI Ústav elektroenergetiky a aplikovanej elektrotechniky  |X 1958  |U E020  |Y 548  |7 A000001958 
242 0 1 |a The mysterious world of energy  |y eng 
245 1 0 |a Tajomný svet energie  |h [elektronický zdroj]  |c aut. František Janíček, Ľubica Stuchlíková, Miroslava Farkas Smitková, Jozef Holjenčík, Anton Cerman, Jozef Zuščák, Igor Halán ; Ján Gaduš, Jiří Hrbáček 
250 |a 1.vyd. 
260 |a Bratislava :  |b Nakladateľstvo STU,  |c 2014 
300 |a CD ROM, [interaktívny obsah] 
700 1 |a Stuchlíková, Ľubica,  |d 1967-  |u E030  |r Z1  |4 aut  |9 15  |U FEI Fakulta elektrotechniky a informatiky  |T FEI Ústav elektroniky a fotoniky  |X 1997  |U E030  |Y 549  |7 A000001997 
700 1 |a Farkas Smitková, Miroslava,  |d 1977-  |u E020  |r Z1  |4 aut  |9 14  |U FEI Fakulta elektrotechniky a informatiky  |T FEI Ústav elektroenergetiky a aplikovanej elektrotechniky  |X 42529  |U E020  |Y 548  |7 A000042529 
700 1 |a Holjenčík, Jozef,  |d 1965-  |r Z5  |4 aut  |9 14 
700 1 |a Cerman, Anton,  |d 1988-  |u E020  |r Z3  |4 aut  |9 14  |U FEI Fakulta elektrotechniky a informatiky  |T FEI Ústav elektroenergetiky a aplikovanej elektrotechniky  |X 50566  |U E020  |Y 548  |7 A000050566 
700 1 |a Zuščak, Jozef,  |d 1988-  |u E020  |r Z3  |4 aut  |9 14  |U FEI Fakulta elektrotechniky a informatiky  |T FEI Ústav elektroenergetiky a aplikovanej elektrotechniky  |X 56099  |U E020  |Y 548  |7 A000056099 
700 1 |a Halán, Igor,  |d 1989-  |u E020  |r ZB  |4 aut  |9 14  |U FEI Fakulta elektrotechniky a informatiky  |T FEI Ústav elektroenergetiky a aplikovanej elektrotechniky  |X 64869  |U E020  |Y 548  |7 A000064869 
700 1 |a Gaduš, Ján  |r Z5  |4 rev 
700 1 |a Hrbáček, Jiří  |r Z6  |4 rev 
996 |b 284EO00424  |c E*O-424  |l EE0104  |s P  |a 0  |w 0002665_0001